Govt. of
Madhya Pradesh

Development Problems And Policies In India (Record no. 15881)

MARC details
000 -LEADER
fixed length control field 003910000a22001570004500
001 - CONTROL NUMBER
control field 003988
003 - CONTROL NUMBER IDENTIFIER
control field MACL
040 ## - CATALOGING SOURCE
Original cataloging agency MACL
090 ## - LOCALLY ASSIGNED LC-TYPE CALL NUMBER (OCLC); LOCAL CALL NUMBER (RLIN)
-- 15981
-- 15980
100 ## - MAIN ENTRY--PERSONAL NAME
Personal name Satyanarayana, B
245 ## - TITLE STATEMENT
Title Development Problems And Policies In India
Remainder of title An Appraisal
Statement of responsibility, etc. B Satyanarayana
260 ## - PUBLICATION, DISTRIBUTION, ETC. (IMPRINT)
Place of publication, distribution, etc. Concept Publishing Company,
Date of publication, distribution, etc. 2000
350 ## - PRICE (NR) (BK AM CF MU VM SE) [OBSOLETE]
Price 350
650 ## - SUBJECT ADDED ENTRY--TOPICAL TERM
Topical term or geographic name as entry element Social Science
942 ## - ADDED ENTRY ELEMENTS (KOHA)
Call number prefix 300
Koha item type Library Membar
Holdings
Withdrawn status Lost status Source of classification or shelving scheme Damaged status Not for loan Home library Current library Date acquired Cost, normal purchase price Total Checkouts Full call number Barcode Date last seen Uniform Resource Identifier Price effective from Koha item type
          MACL MACL 04/07/2015 350.00   300/SAT CRE014402 02/05/2024 15783 15/04/2015 Books